UK Residential Market Survey (Record no. 122059)

MARC details
000 -LEADER
fixed length control field 01926nam a22002057a 4500
008 - FIXED-LENGTH DATA ELEMENTS--GENERAL INFORMATION
fixed length control field 241121e20241115xxk|||||o|||| 00| 0 eng d
041 ## - LANGUAGE CODE
Language code of text/sound track or separate title eng
110 ## - MAIN ENTRY--CORPORATE NAME
Corporate author Royal Institution of Chartered Surveyors
245 ## - TITLE STATEMENT
Title UK Residential Market Survey
Subtitle October 2024
Medium [Electronic resource]
260 ## - PUBLICATION INFORMATION
Place of publication London,
Publisher Royal Institution of Chartered Surveyors,
Date November 2024
300 ## - PHYSICAL DESCRIPTION
Physical description 17p
490 ## - SERIES TITLE
Series statement RICS UK Residential Market Survey
520 ## - ABSTRACT
Abstract The October 2024 RICS Residential Survey results <br/>continue to signal an improving market backdrop, <br/>evidenced by modestly positive readings once <br/>again being returned across all headline measures <br/>of activity. Furthermore, forward-looking indicators <br/>remain consistent with a further pick-up in sales <br/>volumes over near-term, although the rise in <br/>bond yields in recent weeks is likely to present <br/>something of a headwind as it feeds through into <br/>general lending conditions. Unfortunately, the chasm between the supply of properties available for let and rising public demand continues to expand. A net balance of +19% reported increasing tenant demand over the three months to October. At the same time, landlord instructions, which is the metric measuring landlords making their property available for rent, fell over the same timeframe. This is evidenced by a net balance reading of -29%, which is its weakest reading since the end of 2021. Unsurprisingly, a net balance of +33% of respondents expects rental prices to be driven higher over the coming three months, due to this mismatch between supply and demand.
650 ## - KEYWORDS
Keywords HOUSING MARKET
650 ## - KEYWORDS
Keywords RESIDENTIAL PROPERTY
651 ## - SUBJECT ADDED ENTRY--GEOGRAPHIC NAME
Geographic name United Kingdom
710 ## - ADDED CORPORATE NAME
Added corporate author Royal Institution of Chartered Surveyors
856 ## - ONLINE RESOURCE
Uniform Resource Identifier <a href="https://www.rics.org/content/dam/ricsglobal/documents/market-surveys/uk-residential-market-survey/October-2024_UK-Residential-Market-Survey.pdf">https://www.rics.org/content/dam/ricsglobal/documents/market-surveys/uk-residential-market-survey/October-2024_UK-Residential-Market-Survey.pdf</a>
Public note Available free on RICS.org
942 ## - ADDED ENTRY ELEMENTS (KOHA)
Suppress in OPAC Do not suppress in OPAC
Holdings
Lost status Damaged status Not for loan Current library Shelving location Date acquired Total Checkouts Full call number Date last seen Price effective from Koha item type
      Virtual Online 21/11/2024   PROPERTY MARKET DATA 21/11/2024 21/11/2024 Online material